LEADER 01365nam a2200313 a 4500 001 000000123812 003 CaOOAMICUS 005 20101126121848.0 008 101126t2010 it u000 u ita r 040 $aPUL$bita 082 04$a920 100 1 $aSarti, Roland.$0(OLS)http://pul/name/74013 245 10$aGiuseppe Mazzini :$bla politica come religione civile /$cRoland Sarti ; postfazione di Sauro Mattarelli. 260 $aMilano :$bIl Sole 24 ore,$c©2010$aRoma ; Bari :$bEditori Laterza 300 $aVIII, 352 p. ;$c22 cm 490 1 $aGrandi biografie ;$v8 500 $aInclude indice. 504 $aBibliografia in nota. 600 14$aMazzini, Giuseppe,$d1805-1872$xBiografia.$0(OLS)http://pul/subject/22898 700 1 $aMattarelli, Sauro.$0(OLS)http://pul/name/74015 830 0$aGrandi biografie ;$v8.$0(OLS)http://pul/title/155366 850 $aPUL 852 $aPUL$W1$xDP2 Filosofia 3$y112$m920 COLL 2.8$j142639$qDDC 21$B141603$CPULBib$Z2$F141603 $H115169 $82 941 1 $a9 996 $6082$a920$9(OLS)http://pul/classification/1661 996 $6245$aGiuseppe Mazzini :$bla politica come religione civile$9(OLS)http://pul/title/149129 996 $6260$aMilano :$bIl Sole 24 ore$9(OLS)http://pul/publisher/69212 996 $6260$aRoma ; Bari :$bEditori Laterza$9(OLS)http://pul/publisher/61082 LEADER 01355nam a2200313 a 4500 001 000000133688 003 CaOOAMICUS 005 20130424140711.0 008 130424s1987 it u000 u ita r 020 $a88-7018-075-1 040 $aPUL$bita 082 04$a121 245 03$aIl problema dell'errore nelle concezioni pluriprospettivistiche della veritą /$cR. Bodei ... [et al.] ; a cura di Alberto Caracciolo. 260 $aGenova :$bIl Melangolo,$c1987. 300 $a291 p. ;$c21 cm 490 1 $aItinera ;$v09 500 $aBibliografia in nota. 650 4$aVeritą$xAspetti filosofici.$0(OLS)http://pul/subject/38683 700 1 $aCaracciolo, Alberto,$d1918-1990.$0(OLS)http://pul/name/10968 700 1 $aBodei, Remo,$d1938-$0(OLS)http://pul/name/9634 830 0$aItinera (Il Melangolo) ;$v09.$0(OLS)http://pul/title/77628 850 $aPUL 852 $aPUL$W1$xDP2 Filosofia 3$y112$m121 CARAL 1$j153663$qDDC 21$B153228$CPULBib$Z2$F153228 $H122279 $82 941 1 $a9 996 $6020$a88-7018-075-1$9(OLS)http://pul/number/152550 996 $6082$a121$9(OLS)http://pul/classification/133 996 $6245$aIl problema dell'errore nelle concezioni pluriprospettivistiche della veritą$9(OLS)http://pul/title/168984 996 $6260$aGenova :$bIl Melangolo$9(OLS)http://pul/publisher/48888